Direito do trabalho no Brasil

Detalles Bibliográficos
Autor principal: Araj︢o Farias, James Magno
Formato: eBook
Lenguaje:portugués
Publicado: San Pablo: LTR, 2018
Materias:
Acceso en línea:Acceso restringido

MARC

LEADER 00000nam a22000007a 4500
005 20190806232241.0
007 cr|||| ||||
008 190806s2018 br |||||s|||| 00||0 por d
020 |a 978-85-361-9884-2 
035 |a 23877 
040 |a vLex 
090 |c 9111  |d 9111 
100 1 |a Araj︢o Farias, James Magno 
245 1 0 |a Direito do trabalho no Brasil  |h [Recurso electrn̤ico] /  |c James Magno Araj︢o Farias 
256 |a Servicio en ln̕ea 
260 |a San Pablo:  |b LTR,  |c 2018 
300 |a 1 recurso electrn̤ico 
506 1 |a Disponible solo en los productos indicados  |d vLex Global  |d vLex Global (Academic Edition, excluding Law Schools)  |d vLex Global (U.S. Academic Edition, Law Schools)  |d vLex Global (U.S. Academic Edition, excluding Law Schools)  |d vLex Global (Academic Edition, Law Schools) 
650 0 4 |a Derecho Laboral y Seguridad Social  |z Brasil 
740 0 |a vLex Libros (Servicio en ln̕ea) 
856 4 0 |u http://vlex.com/source/direito-trabalho-brasil-23877  |z Acceso restringido 
942 |c BOOK 
999 0 |a Labor law and social security